[Event "World Rapid 2025"]
[Site "Doha QAT"]
[Date "2025.12.27"]
[Round "6.114"]
[White "Bodemar, Jonathan"]
[Black "Musovic, Armin"]
[Result "0-1"]
[WhiteTitle "CM"]
[BlackTitle "FM"]
[WhiteElo "2154"]
[BlackElo "2190"]
[WhiteFideId "6205488"]
[BlackFideId "939935"]
[EventDate "2025.12.26"]

1. e4 c6 2. d4 g6 3. Nc3 Bg7 4. Nf3 d6 5. h3 Nf6 6. a4 O-O 7. Bc4 d5 8. Bd3 c5
9. dxc5 dxe4 10. Nxe4 Na6 11. Nxf6+ Bxf6 12. Bh6 Bxb2 13. Bxa6 Qa5+ 14. Nd2 Qxa6
15. Bxf8 Kxf8 16. Rb1 Bc3 17. Qe2 Qa5 18. Rd1 b6 19. O-O Bb7 20. Ne4 Bb4 21. Rd7
Ba6 22. c4 Qxa4 23. Nf6 Bxc5 24. Nxh7+ Kg7 25. Rd2 0-1

[Event "World Rapid 2025"]
[Site "Doha QAT"]
[Date "2025.12.27"]
[Round "6.115"]
[White "Tissir, Mohamed"]
[Black "AlJamaat, Khaled"]
[Result "1-0"]
[WhiteTitle "IM"]
[WhiteElo "2293"]
[BlackElo "1719"]
[WhiteFideId "9000240"]
[BlackFideId "12102415"]
[EventDate "2025.12.26"]

1. e4 e5 2. Nf3 Nc6 3. Bc4 Bc5 4. c3 Nf6 5. d3 d6 6. Bb3 a6 7. Nbd2 O-O 8. Nf1
h6 9. Ng3 Ba7 10. O-O Ne7 11. Nh4 Be6 12. h3 d5 13. Qf3 dxe4 14. dxe4 Bxb3 15.
axb3 Ng6 16. Nhf5 Nh7 17. Rd1 Ng5 18. Qg4 Qf6 19. Nh5 Qb6 20. Be3 Qxb3 21. Bxg5
hxg5 22. Qxg5 Qb6 23. Rd2 Kh7 24. Nhxg7 Rh8 25. Ne6 1-0

[Event "World Rapid 2025"]
[Site "Doha QAT"]
[Date "2025.12.27"]
[Round "6.116"]
[White "Berend, Fred"]
[Black "Al-Kuwari, Hamad"]
[Result "1-0"]
[WhiteTitle "IM"]
[BlackTitle "CM"]
[WhiteElo "2213"]
[BlackElo "1809"]
[WhiteFideId "4000102"]
[BlackFideId "12102679"]
[EventDate "2025.12.26"]

1. Nf3 d5 2. g3 c5 3. Bg2 Nc6 4. d4 Nf6 5. O-O h6 6. a3 cxd4 7. Nxd4 Nxd4 8.
Qxd4 Bf5 9. c4 Be4 10. Nc3 Bxg2 11. Kxg2 dxc4 12. Qxc4 Qc8 13. Qa4+ Qd7 14.
Qxd7+ Kxd7 15. Rd1+ Kc6 16. Bf4 b6 17. Rac1 Kb7 18. Nb5 g5 19. Be5 Rc8 20. Bxf6
Rxc1 21. Rxc1 exf6 22. Rc7+ Ka6 23. a4 Ka5 24. Rxa7+ Kb4 25. Nc3 Bc5 26. e3 Rf8
27. Ne4 b5 28. Rb7 Kc4 29. b3+ Kxb3 30. Rxb5+ Kxa4 31. Rxc5 f5 1-0

[Event "World Rapid 2025"]
[Site "Doha QAT"]
[Date "2025.12.27"]
[Round "6.117"]
[White "Damaj, Mohammed"]
[Black "Abdilkhair, Abilmansur"]
[Result "0-1"]
[WhiteTitle "CM"]
[BlackTitle "IM"]
[WhiteElo "2119"]
[BlackElo "2378"]
[WhiteFideId "11501731"]
[BlackFideId "13716417"]
[EventDate "2025.12.26"]

1. d4 Nf6 2. Nc3 d5 3. Bf4 c5 4. e4 Nxe4 5. Nxe4 dxe4 6. dxc5 Qxd1+ 7. Rxd1 f6
8. Bxb8 Rxb8 9. Bb5+ Kf7 10. Rd8 g6 11. Be8+ Ke6 12. Bd7+ Bxd7 13. Rxb8 Bc6 14.
Ne2 Kd5 15. b4 Kc4 16. a3 f5 17. Kd1 e5 18. c3 Bg7 19. Rxh8 Bxh8 20. Kc2 Bg7 21.
Kb2 Ba4 22. h4 h5 23. g4 fxg4 24. Ng3 e3 25. fxe3 Kd3 26. Rf1 e4 27. Rf7 Bxc3+
28. Kc1 Bc6 29. b5 Bxb5 30. Rxb7 a6 31. Rb6 Be5 32. Nf1 Ke2 33. Nd2 Kxe3 34.
Rxg6 Kd3 35. Nb3 e3 36. Re6 Bf4 37. Kb2 g3 38. Rg6 e2 39. Re6 g2 0-1

[Event "World Rapid 2025"]
[Site "Doha QAT"]
[Date "2025.12.27"]
[Round "6.118"]
[White "Chekh Adm Khedr, Aram"]
[Black "Al-Janahi, Ibrahim"]
[Result "1-0"]
[WhiteTitle "FM"]
[WhiteElo "2139"]
[BlackElo "1656"]
[WhiteFideId "7601948"]
[BlackFideId "12102385"]
[EventDate "2025.12.26"]

1. e4 c5 2. Ne2 Nc6 3. g3 g6 4. Bg2 Bg7 5. c3 Nf6 6. d4 cxd4 7. cxd4 e6 8. d5
Ne7 9. d6 Nc6 10. Nbc3 O-O 11. O-O a6 12. a4 Rb8 13. h3 e5 14. Be3 b6 15. f4
exf4 16. gxf4 Na5 17. e5 Ne8 18. b3 Bb7 19. Nd5 Bxd5 20. Qxd5 Kh8 21. Nd4 Qc8
22. Rac1 Qb7 23. b4 Qxd5 24. Bxd5 Nb7 25. Nf3 Nd8 26. Rf2 Bh6 27. Rfc2 Ne6 28.
Bxe6 fxe6 29. Rc8 Ng7 30. Rxb8 Rxb8 31. Rc7 Nf5 32. Bf2 Rd8 33. Ng5 Bxg5 34.
fxg5 Kg7 35. Bxb6 Kf7 36. Rb7 Rc8 37. Rxd7+ Ke8 38. Rxh7 Rc1+ 39. Kf2 1-0

[Event "World Rapid 2025"]
[Site "Doha QAT"]
[Date "2025.12.27"]
[Round "6.119"]
[White "Khayat, Emad"]
[Black "Al Hosani, Omran"]
[Result "0-1"]
[BlackTitle "IM"]
[WhiteElo "1927"]
[BlackElo "2340"]
[WhiteFideId "21518076"]
[BlackFideId "9308733"]
[EventDate "2025.12.26"]

1. d4 Nf6 2. Nf3 e6 3. c4 d5 4. g3 Bb4+ 5. Bd2 Bxd2+ 6. Nbxd2 O-O 7. Bg2 a5 8.
O-O a4 9. Qb1 b6 10. e4 dxe4 11. Nxe4 Nxe4 12. Qxe4 Ra5 13. Rfd1 Nd7 14. Rd2 Qe7
15. Rad1 Nf6 16. Qe2 Bb7 17. Ne5 Bxg2 18. Kxg2 Qd6 19. Qf3 Nd7 20. Ng4 Rf5 21.
Qe2 Ra5 22. Qf3 f5 23. Ne3 f4 24. Nf1 fxg3 25. Qxg3 Qe7 26. d5 Nf6 27. Qh3 exd5
28. cxd5 Nxd5 29. Kg1 Nf4 30. Qe3 Re5 31. Qa3 Qe8 32. Qxf8+ Qxf8 0-1

[Event "World Rapid 2025"]
[Site "Doha QAT"]
[Date "2025.12.27"]
[Round "6.120"]
[White "Ashwath Kaushik"]
[Black "Cunha, Lucas Aguiar"]
[Result "1/2-1/2"]
[WhiteTitle "FM"]
[BlackTitle "FM"]
[WhiteElo "2345"]
[BlackElo "2263"]
[WhiteFideId "33387230"]
[BlackFideId "2125404"]
[EventDate "2025.12.26"]

1. e4 c5 2. Nf3 Nc6 3. d4 cxd4 4. Nxd4 Nf6 5. Nc3 d6 6. f3 e5 7. Nb3 Be6 8. Be3
Be7 9. Qe2 O-O 10. O-O-O a5 11. Nc5 Bc8 12. N5a4 Be6 13. g4 Rb8 14. Bb6 Qc8 15.
Nb5 Ne8 16. a3 Ra8 17. h4 Ra6 18. Qf2 Ra8 19. g5 f5 20. gxf6 Nxf6 21. Rg1 Rf7
22. Qe1 Ne8 23. Qg3 Nb4 24. axb4 axb4 25. Na7 Qb8 26. Qf2 Nf6 27. Bb5 Nxe4 28.
Qe3 Nf6 29. f4 Ng4 30. Rxg4 Bxg4 31. Bc4 Bxd1 32. Bxf7+ Kxf7 33. Kxd1 Bd8 34.
fxe5 Bxb6 35. e6+ Kg8 36. Nxb6 Qxa7 37. e7 Kf7 38. Qf3+ Kxe7 39. Qe4+ Kd8 40.
Nxa8 Qxa8 41. Qxb4 Qa6 42. Qd4 Qf1+ 43. Kd2 Qf6 44. Qb6+ Kc8 45. Qb4 Kb8 46. b3
d5 47. Qc5 Qf4+ 48. Kd3 Qg3+ 49. Kd2 Qf4+ 50. Kd3 Qe4+ 51. Kd2 Qe5 52. Qf8+ Kc7
53. Qc5+ Kd8 54. Qa5+ Kc8 55. Qc5+ Kd8 56. Qa5+ Qc7 57. Qxd5+ Qd7 58. Qxd7+ Kxd7
59. Ke3 Kd6 60. Kf4 Kd5 61. c3 Ke6 62. Ke4 g6 63. Kf4 h6 64. c4 Kd6 65. b4 Ke6
66. Ke4 Kd6 67. Kf4 Ke6 68. Ke4 g5 69. hxg5 hxg5 70. c5 g4 71. b5 g3 72. Kf3 Kd5
73. c6 bxc6 74. bxc6 Kxc6 75. Kxg3 1/2-1/2

[Event "World Rapid 2025"]
[Site "Doha QAT"]
[Date "2025.12.27"]
[Round "6.121"]
[White "Dahal, Sushrut"]
[Black "Al Mashikhi, Salim Aliyan"]
[Result "0-1"]
[WhiteTitle "CM"]
[BlackTitle "FM"]
[WhiteElo "2037"]
[BlackElo "1952"]
[WhiteFideId "12303275"]
[BlackFideId "22000046"]
[EventDate "2025.12.26"]

1. d4 Nf6 2. Nc3 d5 3. Bf4 c6 4. e3 Nbd7 5. g4 h6 6. Bg2 Nb6 7. h3 g5 8. Bg3 Nc4
9. b3 Nd6 10. Qd3 Bg7 11. Nge2 h5 12. f3 Qa5 13. a3 Bd7 14. Kf2 h4 15. Be5 O-O
16. Rhf1 Nfe8 17. Bxg7 Nxg7 18. e4 dxe4 19. fxe4 e5 20. b4 Qc7 21. dxe5 Nde8 22.
Kg1 Rd8 23. Qe3 Qxe5 24. Qxa7 Bc8 25. Rad1 Nc7 26. Qe3 Nce6 27. Qf2 Rxd1 28.
Nxd1 Qd6 29. Ne3 Nd4 30. Nf5 Bxf5 31. Qxd4 Qxd4+ 32. Nxd4 Be6 33. c3 Ra8 34. Ra1
Ne8 35. e5 Nc7 36. a4 Bd5 37. Bf1 Re8 38. Re1 f6 39. c4 Bf7 40. Nf3 Kg7 41.
exf6+ Kxf6 42. Rxe8 Bxe8 43. Kf2 Na6 44. b5 Nc5 45. bxc6 Bxc6 46. a5 Bxf3 47.
Kxf3 Nb3 48. Ke3 Ke5 49. Bg2 Nxa5 50. Bf1 b6 51. Be2 Nc6 52. Bf3 Nd4 53. Bg2
Nc2+ 54. Kd2 Nd4 55. Ke3 Ne6 56. Bf1 Nf4 57. Kf3 Kd4 58. Kf2 0-1

[Event "World Rapid 2025"]
[Site "Doha QAT"]
[Date "2025.12.27"]
[Round "6.122"]
[White "Muntean, Victor"]
[Black "Phuyal, Aashish"]
[Result "1-0"]
[WhiteElo "2169"]
[BlackElo "1955"]
[WhiteFideId "1054414"]
[BlackFideId "12312649"]
[EventDate "2025.12.26"]

1. e4 e5 2. Nf3 Nc6 3. Bc4 Be7 4. d4 exd4 5. O-O Nf6 6. Nxd4 d6 7. Re1 O-O 8.
Nc3 h6 9. h3 Ne5 10. Bb3 c5 11. Nf3 c4 12. Nxe5 cxb3 13. Nf3 bxc2 14. Qxc2 Nd7
15. Bf4 Qc7 16. Qe2 Ne5 17. Nd5 Qd8 18. Nxe5 dxe5 19. Bxe5 Bd6 20. Bc3 Be6 21.
Rad1 Bxd5 22. Rxd5 Qe7 23. Qg4 f6 24. Red1 Rad8 25. Qg6 Bc7 26. a3 Rxd5 27. Rxd5
Re8 28. Bxf6 Qf7 29. Qxf7+ Kxf7 30. Bxg7 Bb6 31. Bd4 Rxe4 32. Bxb6 axb6 33. Rd7+
Kg6 34. Rd6+ Kg5 35. Rxb6 Re7 36. Kh2 h5 37. Rb5+ Kh6 38. g4 hxg4 39. hxg4 Rc7
40. Kg3 Kg6 41. f4 Kg7 42. g5 Kh7 43. Kg4 Kg7 44. Kh5 Rd7 1-0

[Event "World Rapid 2025"]
[Site "Doha QAT"]
[Date "2025.12.27"]
[Round "6.123"]
[White "Alkhuriji, Abdulaziz N"]
[Black "Blackwood, Ryan"]
[Result "1-0"]
[WhiteElo "1972"]
[BlackElo "1945"]
[WhiteFideId "21525919"]
[BlackFideId "7400640"]
[EventDate "2025.12.26"]

1. e4 b6 2. d4 Bb7 3. Bd3 e6 4. Nf3 c5 5. c3 Nf6 6. Nbd2 d5 7. e5 Ne4 8. O-O Nd7
9. Re1 cxd4 10. cxd4 Bb4 11. a3 Bxd2 12. Nxd2 Qh4 13. g3 Qh3 14. Nxe4 dxe4 15.
Bxe4 Bxe4 16. Rxe4 f5 17. Rh4 Qxh4 18. gxh4 h6 19. Qh5+ Ke7 20. Bd2 Rag8 21.
Bb4+ Kd8 22. Rc1 g5 23. Qf3 gxh4+ 24. Kf1 Ke8 25. Qh5+ Kd8 26. Qf3 Ke8 27. Rc8+
Kf7 28. Qh5+ Kg7 29. Rc7 Rd8 30. Be7 Rhg8 31. Bf6+ Kf8 32. Bxd8 1-0

[Event "World Rapid 2025"]
[Site "Doha QAT"]
[Date "2025.12.27"]
[Round "7.1"]
[White "Artemiev, Vladislav"]
[Black "Carlsen, Magnus"]
[Result "1-0"]
[WhiteTitle "GM"]
[BlackTitle "GM"]
[WhiteElo "2641"]
[BlackElo "2840"]
[WhiteFideId "24101605"]
[BlackFideId "1503014"]
[EventDate "2025.12.26"]

1. d4 d5 2. c4 e6 3. Nf3 Nf6 4. Nc3 c6 5. e3 Nbd7 6. Qc2 b6 7. cxd5 exd5 8. Bd3
Be7 9. O-O Bb7 10. e4 dxe4 11. Nxe4 O-O 12. Ne5 Nxe5 13. dxe5 Nxe4 14. Bxe4 h6
15. e6 Qc7 16. exf7+ Rxf7 17. Bd5 Rf8 18. Bxh6 Bd6 19. Bxf7+ Rxf7 20. Qg6 Bxh2+
21. Kh1 Be5 22. Rae1 c5 23. f4 Bd6 24. Re8+ Bf8 25. Rd1 Rf6 26. Rdd8 Bxg2+ 27.
Qxg2 Rxh6+ 28. Kg1 Rf6 29. Qd5+ Kh7 1-0

[Event "World Rapid 2025"]
[Site "Doha QAT"]
[Date "2025.12.27"]
[Round "7.2"]
[White "Anton Guijarro, David"]
[Black "Vachier-Lagrave, Maxime"]
[Result "1/2-1/2"]
[WhiteTitle "GM"]
[BlackTitle "GM"]
[WhiteElo "2646"]
[BlackElo "2734"]
[WhiteFideId "2285525"]
[BlackFideId "623539"]
[EventDate "2025.12.26"]

1. Nf3 d5 2. c4 d4 3. b4 c5 4. Bb2 Nf6 5. g3 a5 6. b5 Nbd7 7. Bg2 e5 8. d3 Bd6
9. e3 O-O 10. Nbd2 Ra7 11. Qe2 b6 12. O-O-O Re8 13. Ng5 h6 14. Nge4 Nxe4 15.
Nxe4 Be7 16. g4 Nf6 17. Nxf6+ Bxf6 18. Bc6 Bd7 19. Be4 Bc8 20. Qf3 Bh4 21. Kb1
Qf6 1/2-1/2

[Event "World Rapid 2025"]
[Site "Doha QAT"]
[Date "2025.12.27"]
[Round "7.3"]
[White "Gukesh, D"]
[Black "Sarana, Alexey"]
[Result "1/2-1/2"]
[WhiteTitle "GM"]
[BlackTitle "GM"]
[WhiteElo "2754"]
[BlackElo "2673"]
[WhiteFideId "46616543"]
[BlackFideId "24133795"]
[EventDate "2025.12.26"]

1. c4 e6 2. Nc3 d5 3. d4 Nf6 4. cxd5 exd5 5. Bg5 Bb4 6. e3 h6 7. Bf4 O-O 8. Bd3
c5 9. Ne2 cxd4 10. exd4 Nc6 11. O-O Re8 12. Rc1 Bd6 13. Qd2 Be6 14. Bb1 Rc8 15.
Rfe1 Na5 16. Bxd6 Qxd6 17. b3 Nc6 18. Nb5 Qd7 19. Nf4 Re7 20. f3 Rce8 21. Nd3 a6
22. Ne5 Nxe5 23. dxe5 Ne4 24. Bxe4 axb5 25. Bd3 Bf5 26. Bf1 d4 27. f4 d3 28. g4
Bh7 29. h3 h5 30. Rcd1 Rd8 31. f5 hxg4 32. Qxd3 Qxd3 33. Rxd3 Rxd3 34. Bxd3 gxh3
35. Kh2 Rd7 36. Re3 Rd5 37. b4 f6 38. exf6 gxf6 39. Be4 Re5 40. Rg3+ Kh8 41. Bd3
Bxf5 42. Bxf5 Rxf5 43. Rd3 b6 44. Kxh3 Kg7 45. Rd6 Kg6 46. Rxb6 Kg5 47. Kg3 Rd5
48. Rc6 Kf5 49. Ra6 Rd4 50. a3 Ke4 51. Rxf6 Rd3+ 52. Kg4 Rxa3 53. Rb6 Rb3 54.
Rxb5 Kd4 55. Rb8 Kc4 56. b5 Rxb5 57. Rxb5 Kxb5 1/2-1/2

[Event "World Rapid 2025"]
[Site "Doha QAT"]
[Date "2025.12.27"]
[Round "7.4"]
[White "Robson, Ray"]
[Black "Niemann, Hans Moke"]
[Result "1/2-1/2"]
[WhiteTitle "GM"]
[BlackTitle "GM"]
[WhiteElo "2650"]
[BlackElo "2725"]
[WhiteFideId "2023970"]
[BlackFideId "2093596"]
[EventDate "2025.12.26"]

1. d4 d5 2. c4 c6 3. Nc3 Nf6 4. cxd5 cxd5 5. Bf4 Nc6 6. e3 Bf5 7. Nf3 e6 8. Qb3
Bb4 9. Bb5 O-O 10. Bxc6 Bxc3+ 11. Qxc3 Ne4 1/2-1/2

[Event "World Rapid 2025"]
[Site "Doha QAT"]
[Date "2025.12.27"]
[Round "7.5"]
[White "Chigaev, Maksim"]
[Black "Erigaisi, Arjun"]
[Result "1/2-1/2"]
[WhiteTitle "GM"]
[BlackTitle "GM"]
[WhiteElo "2626"]
[BlackElo "2775"]
[WhiteFideId "4108116"]
[BlackFideId "35009192"]
[EventDate "2025.12.26"]

1. Nf3 Nf6 2. c4 e6 3. g3 d5 4. Bg2 d4 5. d3 Bb4+ 6. Nbd2 a5 7. Ne5 Qd6 8. f4
Nbd7 9. Nf3 O-O 10. O-O a4 11. Kh1 Re8 12. a3 Bc5 13. b4 axb3 14. Nxb3 Ba7 15.
a4 c5 16. e4 dxe3 17. Bxe3 Ng4 18. Bg1 e5 19. fxe5 Ndxe5 20. Nxe5 Nxe5 21. Nxc5
Bxc5 22. Bxc5 Qxc5 23. d4 Qc7 24. dxe5 Rxe5 25. Qf3 Rb8 26. Qf4 Be6 27. a5 Ra8
28. Rab1 Qxa5 29. Rxb7 Rf8 30. Rbb1 Re2 31. Rb8 g6 32. Rxf8+ Kxf8 33. Qf6 Kg8
34. h4 h5 35. Ra1 Re1+ 36. Rxe1 Qxe1+ 37. Kh2 Bxc4 38. Qd8+ Kh7 39. Qd4 Qe2 40.
Kg1 Be6 41. Qf2 Qd1+ 42. Kh2 Qa1 43. Qd2 Kg7 44. Qf2 Qe5 45. Qd2 f6 46. Qf2 g5
47. hxg5 fxg5 48. Kg1 Bf7 49. Kh1 g4 50. Kg1 h4 51. gxh4 g3 52. Qd2 1/2-1/2

[Event "World Rapid 2025"]
[Site "Doha QAT"]
[Date "2025.12.27"]
[Round "7.6"]
[White "Henriquez Villagra, Cristobal"]
[Black "Sindarov, Javokhir"]
[Result "1-0"]
[WhiteTitle "GM"]
[BlackTitle "GM"]
[WhiteElo "2598"]
[BlackElo "2726"]
[WhiteFideId "3409350"]
[BlackFideId "14205483"]
[EventDate "2025.12.26"]

1. e4 e5 2. d3 Nc6 3. Nf3 Bc5 4. g3 d6 5. Nc3 a5 6. Bg2 Nge7 7. O-O O-O 8. Be3
Bxe3 9. fxe3 Ng6 10. Nd5 Nb8 11. c4 c6 12. Nc3 Nd7 13. b3 Nf6 14. d4 Re8 15. Qd3
Qe7 16. Rae1 Bd7 17. Nd2 h6 18. h3 Nf8 19. Kh2 N8h7 20. Nf3 Ng5 21. Nxg5 hxg5
22. Re2 g4 23. h4 Nh5 24. Ref2 Rf8 25. Ne2 g6 26. c5 dxc5 27. dxe5 Rae8 28. Nf4
Ng7 29. Qd6 Ne6 30. Rd1 Bc8 31. Bf1 Kg7 32. Bc4 Qxd6 33. exd6 Bd7 34. Nd3 Bc8
35. Bxe6 Rxe6 36. Nxc5 Re5 37. Rc2 b6 38. d7 bxc5 39. d8=Q Rxd8 40. Rxd8 Be6 41.
Rd3 Kf6 42. Rdc3 Rxe4 43. Rxc5 Bd5 44. R5c3 Re6 45. Kg1 Ke7 46. Rd2 Be4 47. Rd4
Re5 48. a3 Bf3 49. b4 axb4 50. axb4 Rb5 51. e4 Rb6 52. Rc5 Ra6 53. Ra5 Rb6 54.
Kf2 Ke6 55. Ke3 Ke7 56. Kf4 Ke6 57. Re5+ Kf6 58. Rd6+ Kg7 59. b5 Rxb5 60. Rxb5
cxb5 61. Rd2 1-0

[Event "World Rapid 2025"]
[Site "Doha QAT"]
[Date "2025.12.27"]
[Round "7.7"]
[White "Shimanov, Aleksandr"]
[Black "Giri, Anish"]
[Result "1-0"]
[WhiteTitle "GM"]
[BlackTitle "GM"]
[WhiteElo "2578"]
[BlackElo "2760"]
[WhiteFideId "4198603"]
[BlackFideId "24116068"]
[EventDate "2025.12.26"]

1. d4 d5 2. c4 c6 3. cxd5 cxd5 4. Nf3 Nf6 5. Nc3 Nc6 6. Bf4 a6 7. Rc1 Bg4 8. Ne5
Nxe5 9. dxe5 d4 10. exf6 dxc3 11. Qxd8+ Rxd8 12. Rxc3 exf6 13. a3 Bd6 14. Bxd6
Rxd6 15. f3 Bd7 16. e3 Ke7 17. Bd3 Rd8 18. Bc2 Bb5 19. a4 Bc6 20. Rf1 Rd2 21.
Rf2 Rxf2 22. Kxf2 Rd2+ 23. Kg3 a5 24. h4 h6 25. b3 g5 26. h5 Ke6 27. Be4 Kd6 28.
Bxc6 bxc6 29. e4 c5 30. Kh3 Rf2 31. g3 c4 32. bxc4 Kc5 33. Kg4 Kb4 34. Rc1 Kxa4
35. c5 Rd2 36. c6 Rd8 37. Kf5 Kb3 38. Kxf6 Kb2 39. Rc5 a4 40. Ke7 Ra8 41. c7 1-0

[Event "World Rapid 2025"]
[Site "Doha QAT"]
[Date "2025.12.27"]
[Round "7.8"]
[White "Yu, Yangyi"]
[Black "Lazavik, Denis"]
[Result "1/2-1/2"]
[WhiteTitle "GM"]
[BlackTitle "GM"]
[WhiteElo "2717"]
[BlackElo "2605"]
[WhiteFideId "8603820"]
[BlackFideId "13515110"]
[EventDate "2025.12.26"]

1. e4 c5 2. Nf3 Nc6 3. Bb5 g6 4. Bxc6 bxc6 5. O-O Bg7 6. Re1 Nh6 7. d3 O-O 8. e5
Nf5 9. Nc3 d6 10. h3 Rb8 11. Rb1 Nd4 12. Bf4 f6 13. exd6 e5 14. Bc1 Qxd6 15. Ne4
Qe7 16. b3 f5 17. Ned2 Qc7 18. Nc4 Nxf3+ 19. Qxf3 Be6 20. Be3 Bd5 21. Qd1 Bxc4
22. bxc4 Qa5 23. Qd2 Qa3 24. Qc1 Qa5 25. Rb3 e4 26. dxe4 fxe4 27. Rd1 Qxa2 28.
Bxc5 Rfd8 29. Rd7 Qa1 30. Qxa1 Bxa1 31. Rxa7 Be5 32. g3 Ra8 33. Rxa8 Rxa8 34.
Be3 Ra2 35. Rb6 Rxc2 36. Rxc6 Kf7 37. g4 h5 38. gxh5 gxh5 39. c5 Bf6 40. Rc8 Ke6
41. Kg2 h4 42. Rc6+ Kf5 43. Rd6 Be7 44. Rd5+ Ke6 45. Rh5 Rc4 46. Kf1 Kd7 47. Re5
Bf8 48. Ke2 Kc6 49. Rf5 Bxc5 50. Bxc5 Rxc5 51. Rf4 Kd5 52. Rxh4 Rc2+ 53. Kf1
Rc1+ 54. Kg2 Rc2 55. Rh5+ Ke6 56. Rh8 Kf7 57. Kf1 Rc3 58. Ke2 Kf6 59. h4 Rh3 60.
Rh5 Kg6 61. Rg5+ Kf6 62. Rh5 Kg6 63. Rh8 Kg7 64. Re8 Rxh4 65. Ke3 Kf6 66. Rxe4
Rh3+ 67. f3 Rh1 68. Ra4 Kf5 69. Ra5+ Kf6 70. Ke4 Rb1 71. Ra6+ Kf7 72. Kf5 Rb5+
73. Kg4 Rc5 74. f4 Rb5 75. Rd6 Ra5 76. f5 Ra1 77. Kg5 1/2-1/2

[Event "World Rapid 2025"]
[Site "Doha QAT"]
[Date "2025.12.27"]
[Round "7.9"]
[White "Zemlyanskii, Ivan"]
[Black "Nihal, Sarin"]
[Result "0-1"]
[WhiteTitle "GM"]
[BlackTitle "GM"]
[WhiteElo "2592"]
[BlackElo "2701"]
[WhiteFideId "24249971"]
[BlackFideId "25092340"]
[EventDate "2025.12.26"]

1. e4 g6 2. d4 Bg7 3. Nc3 a6 4. Nf3 d6 5. Be3 b5 6. h4 h6 7. e5 e6 8. a4 b4 9.
Ne4 Bb7 10. Bd3 Ne7 11. Bf4 Nf5 12. g4 Nxd4 13. Nxd4 dxe5 14. Nxe6 fxe6 15. Be3
Nd7 16. g5 Qe7 17. Qe2 b3 18. c3 h5 19. Rg1 Rf8 20. Nf6+ Nxf6 21. Bxg6+ Kd7 22.
gxf6 Bxf6 23. O-O-O+ Kc8 24. Qc4 Bxh4 25. Bc5 Qf6 26. Kb1 Rg8 27. Bh7 Rxg1 28.
Rxg1 Bd5 29. Qd3 Qf3 30. Be3 Bxf2 31. Rg8+ Kb7 32. Rxa8 Qh1+ 33. Bc1 Kxa8 34.
Qxa6+ Kb8 35. Qb5+ Bb7 36. Qxe5 h4 37. a5 Qd5 38. Qf6 Qxa5 39. Qf8+ Bc8 40. Bf4
Bg3 41. Bxg3 hxg3 42. Qf3 Qd5 43. Be4 g2 0-1

[Event "World Rapid 2025"]
[Site "Doha QAT"]
[Date "2025.12.27"]
[Round "7.10"]
[White "Le, Quang Liem"]
[Black "Chanda, Sandipan"]
[Result "1-0"]
[WhiteTitle "GM"]
[BlackTitle "GM"]
[WhiteElo "2731"]
[BlackElo "2490"]
[WhiteFideId "12401137"]
[BlackFideId "5004225"]
[EventDate "2025.12.26"]

1. d4 e6 2. c4 f5 3. g3 Nf6 4. Bg2 d5 5. Nf3 Bd6 6. O-O O-O 7. Nc3 c6 8. Bf4
Bxf4 9. gxf4 Nbd7 10. Rc1 Kh8 11. e3 Ne4 12. Qe2 Qe7 13. Rc2 Ndf6 14. Ne5 Rg8
15. Nxe4 fxe4 16. f3 Bd7 17. fxe4 dxe4 18. Qe1 Be8 19. c5 Bh5 20. Qh4 Raf8 21.
Bxe4 g5 22. fxg5 Rxg5+ 23. Qxg5 Rg8 24. Bg6 Bxg6 25. Rg2 Bf5 26. Qh4 Rxg2+ 27.
Kxg2 Qg7+ 28. Qg3 Qf8 29. Kh1 Nh5 30. Qg5 Nf6 31. h3 Ne4 32. Qh4 Nd2 33. Ng6+ 1-0

[Event "World Rapid 2025"]
[Site "Doha QAT"]
[Date "2025.12.27"]
[Round "7.11"]
[White "Sargsyan, Shant"]
[Black "Erdogmus, Yagiz Kaan"]
[Result "1/2-1/2"]
[WhiteTitle "GM"]
[BlackTitle "GM"]
[WhiteElo "2665"]
[BlackElo "2658"]
[WhiteFideId "13306766"]
[BlackFideId "44599790"]
[EventDate "2025.12.26"]

1. e4 c5 2. Nf3 d6 3. Bb5+ Bd7 4. Bxd7+ Qxd7 5. c4 Nf6 6. Nc3 Nc6 7. d4 cxd4 8.
Nxd4 g6 9. f3 Bg7 10. Be3 O-O 11. O-O Rfc8 12. b3 a6 13. Qd3 Rab8 14. a4 Qd8 15.
Rfd1 Nd7 16. Rab1 Nc5 17. Qd2 Ne6 18. Nde2 Nc5 19. Kh1 h5 20. Bf2 Nd7 21. Nd4
Qa5 22. b4 Qd8 23. Nxc6 bxc6 24. c5 dxc5 25. bxc5 Rxb1 26. Nxb1 Rb8 27. Nc3 Rb3
28. Ne2 Rb2 29. Qxd7 Qxd7 30. Rxd7 Rxe2 31. Kg1 Ra2 32. Kf1 Rxa4 33. Rxe7 Ra1+
34. Ke2 Ra2+ 35. Kf1 Ra1+ 36. Ke2 Ra2+ 37. Kf1 a5 1/2-1/2

[Event "World Rapid 2025"]
[Site "Doha QAT"]
[Date "2025.12.27"]
[Round "7.12"]
[White "Madaminov, Mukhiddin"]
[Black "Mamedov, Rauf"]
[Result "0-1"]
[WhiteTitle "GM"]
[BlackTitle "GM"]
[WhiteElo "2552"]
[BlackElo "2645"]
[WhiteFideId "14210703"]
[BlackFideId "13401653"]
[EventDate "2025.12.26"]

1. e4 c5 2. Nf3 d6 3. Bb5+ Bd7 4. Bxd7+ Qxd7 5. c4 Nf6 6. Nc3 Nc6 7. d4 Qg4 8.
d5 Nd4 9. Nxd4 Qxd1+ 10. Kxd1 cxd4 11. Nb5 Rc8 12. f3 a6 13. Nxd4 Rxc4 14. Be3
Kd7 15. Ke2 e6 16. dxe6+ fxe6 17. Rhd1 Be7 18. Rd2 Rhc8 19. Rad1 g6 20. Bf2 e5
21. Nb3 Ke6 22. Na5 R4c7 23. Nb3 Rc2 24. Rxc2 Rxc2+ 25. Rd2 Rc8 26. Kd1 d5 27.
Bh4 dxe4 28. Bxf6 Kxf6 29. fxe4 Rc4 30. Rd7 Rb4 31. Kc2 Ke6 32. Rc7 Kd6 33. Rc8
Rxe4 34. Kd1 Ke6 35. h3 Rb4 36. Rh8 h5 37. Rg8 Kf5 38. Rg7 Kf6 39. Rg8 e4 40.
Rc8 Bd6 41. Kc2 Be5 42. Rc5 h4 43. Kc1 e3 44. Kd1 Rf4 45. Rc2 Bxb2 46. Re2 Bd4
47. Kc2 Bb6 48. Kd3 Ke5 49. Nd2 Kd5 50. Nf3 Bc5 51. Re1 Ra4 52. Rd1 Rxa2 53.
Nxh4 e2 54. Rb1 e1=Q 55. Rxe1 Bf2 56. Rb1 Bxh4 57. Rb4 Be1 58. Rb1 Rxg2 59. Rxe1
Rg3+ 60. Kc2 Rxh3 61. Rg1 Rh6 62. Kd3 Kc6 63. Rc1+ Kb6 64. Rg1 a5 65. Rg4 Kb5
66. Kc3 Rh3+ 67. Kb2 a4 68. Rg5+ Kb4 69. Rg4+ Ka5 70. Rxg6 b5 71. Rg4 Rh2+ 72.
Ka1 a3 73. Rg5 Ka4 74. Rg3 b4 75. Rg1 b3 76. Rg4+ Kb5 77. Rg5+ Kc4 78. Rg4+ Kd5
79. Rg5+ Ke4 80. Rg4+ Kf5 81. Rg1 Re2 82. Rh1 Ke4 83. Rd1 Ke3 84. Kb1 Rd2 85.
Rh1 Kd4 86. Kc1 Kc3 87. Kb1 Rc2 88. Rg1 Kb4 89. Ka1 Rc1+ 90. Rxc1 b2+ 91. Kb1
Kb3 0-1